Nanoscale interdisciplinary research: physics, chemistry, biology, mathematics (Запись № 11635203)

Подробности
000 -МАРКЕР
контрольное поле 02106nam0a2200433 4500
001 - ИДЕНТИФИКАТОР ЗАПИСИ
контрольное поле RU\NLR\BIBL_A\011427416
005 - ИДЕНТИФИКАТОР ВЕРСИИ
контрольное поле 20250626063631.0
010 ## - МЕЖДУНАРОДНЫЙ СТАНДАРТНЫЙ НОМЕР КНИГИ (ISBN)
Номер (ISBN) 978-5-209-07933-0
Тираж 80
021 ## - НОМЕР ГОСУДАРСТВЕННОЙ РЕГИСТРАЦИИ
Код страны российская федерация
Номер 2017-41337
Номер Листа государственной регистраци 3004
035 ## - ДРУГИЕ СИСТЕМНЫЕ НОМЕРА
Идентификатор записи (RuMoRGB)008905357
035 ## - ДРУГИЕ СИСТЕМНЫЕ НОМЕРА
Идентификатор записи (NLR Aleph) 011427416
100 ## - ДАННЫЕ ОБЩЕЙ ОБРАБОТКИ
Данные общей обработки 20170628d2017 |||y0rusy50 ca
101 0# - ЯЗЫК РЕСУРСА
Язык текста, звукозаписи и т.д. английский
102 ## - СТРАНА ПУБЛИКАЦИИ ИЛИ ПРОИЗВОДСТВА
Страна публикации российская федерация
105 ## - ПОЛЕ КОДИРОВАННЫХ ДАННЫХ: ТЕКСТОВЫЕ МАТЕРИАЛЫ, МОНОГРАФИЧЕСКИЕ
Кодированные данные о монографическом текстовом документе a z 101zy
200 1# - ЗАГЛАВИЕ И СВЕДЕНИЯ ОБ ОТВЕТСТВЕННОСТИ
Основное заглавие Nanoscale interdisciplinary research: physics, chemistry, biology, mathematics
Сведения, относящиеся к заглавию the First German-Russian interdisciplinary student workshop, 25-27 April 2017, Moscow, RUDN university
-- book of abstracts
210 ## - ПУБЛИКАЦИЯ, РАСПРОСТРАНЕНИЕ И ДР.
Место издания, распространения и т.д. Moscow
Имя издателя, распространителя и т. д. Peoples' friendship university of Russia
Дата издания, распространения и т.д. 2017
215 ## - ФИЗИЧЕСКАЯ ХАРАКТЕРИСТИКА
Специфическое обозначение материала и объем 45, [5] с.
Другие сведения о физической характеристике ил., цв. ил.
Размеры 30 см
225 1# - СЕРИЯ
Основное заглавие серии 5-100 Russian academic excellence project
300 ## - ОБЩИЕ ПРИМЕЧАНИЯ
Текст примечания В надзаг.: Ministry of education and science of Russian Federation, RUDN university, [German-Russian interdisciplinary science center]
300 ## - ОБЩИЕ ПРИМЕЧАНИЯ
Текст примечания Указ. в конце кн.
320 ## - ПРИМЕЧАНИЯ О НАЛИЧИИ В ДОКУМЕНТЕ БИБЛИОГРАФИИ / УКАЗАТЕЛЯ
Текст примечания Библиогр. в конце ст.
541 1# - ПЕРЕВОД ЗАГЛАВИЯ, СДЕЛАННЫЙ КАТАЛОГИЗАТОРОМ
Заглавие Наноразмерные междисциплинарные исследования: физика, химия, биология, математика: сборник тезисов
606 1# - НАИМЕНОВАНИЕ ТЕМЫ КАК ПРЕДМЕТ
Наименование темы Нанобиология
Формальный подзаголовок Тезисы докладов
Системный номер авторитетной/нормативной записи 2389565
Идентификатор авторитетной/нормативной записи RU\NLR\AUTH\661425146
606 1# - НАИМЕНОВАНИЕ ТЕМЫ КАК ПРЕДМЕТ
Наименование темы Нанохимия
Формальный подзаголовок Тезисы докладов
Системный номер авторитетной/нормативной записи 2301501
Идентификатор авторитетной/нормативной записи RU\NLR\AUTH\661377886
606 1# - НАИМЕНОВАНИЕ ТЕМЫ КАК ПРЕДМЕТ
Наименование темы Наночастицы
Формальный подзаголовок Тезисы докладов
Системный номер авторитетной/нормативной записи 2099060
Идентификатор авторитетной/нормативной записи RU\NLR\AUTH\661573254
686 ## - ИНДЕКСЫ ДРУГИХ КЛАССИФИКАЦИЙ
Индекс В.я431(0)
Код системы
686 ## - ИНДЕКСЫ ДРУГИХ КЛАССИФИКАЦИЙ
Индекс Е.я431(0)
Код системы
686 ## - ИНДЕКСЫ ДРУГИХ КЛАССИФИКАЦИЙ
Индекс Г.я431(0)
Код системы
686 1# - ИНДЕКСЫ ДРУГИХ КЛАССИФИКАЦИЙ
Индекс Г523я431(0)
686 1# - ИНДЕКСЫ ДРУГИХ КЛАССИФИКАЦИЙ
Индекс З844.1я431(0)
686 1# - ИНДЕКСЫ ДРУГИХ КЛАССИФИКАЦИЙ
Индекс Е070я431(0)
711 12 - НАИМЕНОВАНИЕ ОРГАНИЗАЦИИ - АЛЬТЕРНАТИВНАЯ ОТВЕТСТВЕННОСТЬ
Графика поля Латинская
Материалы, к которым относится поле eng
Начальный элемент ввода "Nanoscale interdisciplinary research: physics, chemistry, biology, mathematics", German-Russian interdisciplinary student workshop
Порядковый номер временной организации и / или порядковый номер ее части 1
Место проведения временной организации Moscow
Дата проведения временной организации 2017
Системный номер авторитетной/нормативной записи 562791
Идентификатор авторитетной/нормативной записи RU\NLR\AUTH\880449611
942 ## - ДОПОЛНИТЕЛЬНЫЕ ЭЛЕМЕНТЫ ЗАПИСИ (АБИС)
Тип экземпляра АБИС Книга
980 ## - КОЛЛЕКЦИЯ
Название коллекции Национальная библиография
Экземпляры
Тип экземпляра Дата поступления Источник поступления Библиотека постоянного хранения Библиотека текущего хранения Место хранения Шифр хранения Штрих-код Статус не для выдачи
Книга 28.06.2017 Обязательный экземпляр РНБ (Московский) РНБ (Московский) Иностранный книжный фонд Ик 2017-8/103 1-1921539